000
00291nam a22001337a 4500
008
181011b xxu||||| |||| 00| 0 eng d
020
_a
9781604067453
041
_a
eng
080
_2
2nd
_a
611
100
_a
6
101
_a
ANA
245
_a
Atlas of Anatomy
_c
Gilroy,A.M
942
_2
udc
_c
BK
999
_c
49410
_d
49410